000
00228 a2200097 4500
001
6898
100
_a
Dearnaley, G
245
_a
Semiconductor counters Fro Nuclear Rediamous
260
_a
_b
E & F N Spon
_c
090
_c
5701
_d
5701
942
_a
NUST-CAE
_c
M
_c
32158
999
_c
241971
_d
241971